Famosos Hinchas de River #1 - Estadísticas

Estadísticas generales
  • Esta prueba ha sido intentada 100 veces
    23 desde el último reinicio
  • La puntuación promedio es 13 de 24
Estadísticas de respuestas
Imagen Respuesta % Correcto
Ricardo Darin
91%
Wanda Nara
83%
Charly Garcia
78%
Lali Esposito
78%
Sergio Martinez
78%
Emanuel Ginobili
74%
Cazzu
65%
Luis Alberto Spinetta
65%
Luisana Lopilato
65%
Wos
65%
Beto Casella
61%
China Suarez
61%
David Nalbandian
61%
Diego Peretti
57%
Gabriela Sabatini
57%
Pedro Alfonso
57%
Guillermo Coria
43%
Nicolas Vazquez
35%
Leonardo Sbaraglia
30%
Charly Alberti
26%
Dario Grandinetti
26%
Joaquín Levinton
26%
Guillermo Vilas
22%
Jean Pierre Noher
4%
No se encontraron pruebas coincidentes
Distribución de puntuación
Porcentaje de gente con cada puntuación
Porcentaje por número respondido
Historial de tus puntuaciones
No has intentado esta prueba desde el último reinicio